Учебные тетради Чичериной А. А. по теории музыки

Доступно только в Электронных читальных залах Найти на картеНа карте
RUSMARC
00003958nmc2a22002771x 450
001c31ac6ba-22f3-4e3d-a9d7-b87404b50ada
00520131112022729.0
100##$a20130613l1711 k y0rusy50 ca
1010#$ager
102##$aRU
105##$aag j |||||
2001#$aУчебные тетради Чичериной А. А. по теории музыки
$j[19--]
215##$a26 листов
$cнот. ил.
251##$cДело
300##$aЗаголовок дела на папке: Учебная тетрадь Александры Алексеевны Чичериной с записями по теории музыки
300##$aНа немецком языке
300##$aРукописный текст
330##$aII. Документальные материалы Чичериной Александры Алексеевны (жена Чичерина Б. Н.); 2. Дневники, записные книжки и другие записи
461#0$1001a2b88c22-7382-4871-bdc3-4aece11b8d40
$12001
$aЧичерин Борис Николаевич, юрист, философ, профессор Московского университета, земский деятель
$1251
$cФонд
$1852
$j1154
462#0$10010f5d1238-14f8-4ae3-a091-3e8b6c6244ae
$12001
$aЧичерины, Капнисты, 1711-1939 гг.
$1251
$cОпись
$1852
$j1
517##$aУчебная тетрадь Александры Алексеевны Чичериной с записями по теории музыки
600#1$aЧичерин
$bБ. Н.
$f1828-1904
$gБорис Николаевич
600#1$aЧичерина
$bА. А.
$gАлександра Алексеевна
801#0$aRU
$bGA_RF
801#1$aRU
$bНПО Опыт
$c20130613
$2rusmarc
801#2$aRU
$bПБ им. Б.Н. Ельцина
$c20131112
$gRCR
$2rusmarc
852##$aГА РФ
$j175
937##$d41347539
$hПБ
035##$aRuPRLIB51007182
Формат отображения